Ganadores Red Bull Batalla Colombia - Estadísticas

Estadísticas generales
  • Esta prueba ha sido intentada 89 veces
  • La puntuación promedio es 7 de 14
Estadísticas de respuestas
Año MC % Correcto
2016 Valles-T
96%
2018 Valles-T
96%
2019 Carpediem
80%
2022 Carpediem
80%
2023 Carpediem
80%
2021 Marithea
80%
2012 Aczino
44%
2017 Elevn
39%
2020 Elevn
39%
2014 Big Killah
30%
2008 Mena
20%
2013 Doggy Fresh
17%
2006 Candy Man
9%
2007 Jannibal
9%
No se encontraron pruebas coincidentes
Distribución de puntuación
Porcentaje de gente con cada puntuación
Porcentaje por número respondido
Historial de tus puntuaciones
No has intentado esta prueba.